| 000 -LEADER |
| fixed length control field |
00992pab a2200157 454500 |
| 008 - FIXED-LENGTH DATA ELEMENTS--GENERAL INFORMATION |
| fixed length control field |
180718b2002 xxu||||| |||| 00| 0 eng d |
| 100 ## - MAIN ENTRY--PERSONAL NAME |
| Personal name |
Ramanna Anitha |
| 245 ## - TITLE STATEMENT |
| Title |
Policy implications of India's patent reforms: patent applications in the post-1995 era |
| 260 ## - PUBLICATION, DISTRIBUTION, ETC. |
| Date of publication, distribution, etc. |
2002 |
| 300 ## - PHYSICAL DESCRIPTION |
| Extent |
p.2065-075. |
| 362 ## - DATES OF PUBLICATION AND/OR SEQUENTIAL DESIGNATION |
| Dates of publication and/or sequential designation |
25 May |
| 520 ## - SUMMARY, ETC. |
| Summary, etc. |
Recent changes in India's patent policy indicate a paradigm shift in seeking greater protection of intellectual property rights. On one hand, this has given rise to fears being expressed over the impending collapse of local firms; on the other, there is optimism amidst expectation of a large increase in patent activity of domestic actors. This paper analyses the impact of the policy shift, examines the ability of domestic players to adjust to a new patent regime and suggests guidelines to ensure the policy's accessibility to a majority of players. - Reproduced. |
| 650 ## - SUBJECT ADDED ENTRY--TOPICAL TERM |
| Topical term or geographic name entry element |
Patents |
| 773 ## - HOST ITEM ENTRY |
| Main entry heading |
Economic and Political Weekly |
| 909 ## - |
| -- |
52509 |